El fenómeno religioso: curso fundamental de religión

Salvato in:
Dettagli Bibliografici
Autore principale: Pikaza Ibarrondo, Xabier (Autore)
Natura: Libro
Lingua:spagnolo
Pubblicazione: Madrid Trotta 1999
Serie:Colección Estructuras y Procesos. Serie Religión
Soggetti:
Tags: Aggiungi Tag
Nessun Tag, puoi essere il primo ad aggiungerne!!

MARC

LEADER 00000nam a2200000 a 4500
001 UCM7327
003 CL-VaPUC
008 021213e19990000SP |||||||||||||||||spa|d
082 0 4 |a 210  |b PIK  |2 21 
100 0 |a Pikaza Ibarrondo, Xabier  |e author  |9 472888 
245 1 3 |a El fenómeno religioso: curso fundamental de religión 
300 |a 454 p 
942 |c BK 
945 |d 20021213 00:00:00  |a vberengu 
260 |a Madrid  |b Trotta  |c 1999 
600 0 |a Dios  |9 314467 
650 0 |a Religión   |9 255164 
650 7 |a MOVIMIENTOS RELIGIOSOS  |2 CL-VaPUC  |9 346572 
583 |a last modification  |c 20021213 00:00:00  |k Rodrigo Vera 
490 0 |a Colección Estructuras y Procesos. Serie Religión 
999 |c 302171  |d 302169 
952 |0 0  |1 0  |4 0  |6 210_000000000000000_PIK_1999  |7 0  |8 A  |9 362254  |a BIBTEO  |b BIBTEO  |d 2019-11-21  |i 3843653  |l 2  |m 5  |o 210 PIK 1999  |p 3843653  |q 2024-07-31  |r 2021-12-02  |s 2021-12-02  |w 2019-11-21  |y BK  |k ICR